| 000 | 01893nam0a2200385 i 4500 | ||
|---|---|---|---|
| 001 | RU\NLR\bibl\1882154 | ||
| 005 | 20260405230837.0 | ||
| 010 | _a9785937680472 | ||
| 035 | _a(nilc)LIBNET\0000167232 | ||
| 035 | _a(NLR Aleph) 001871914 | ||
| 090 |
_a2673013 _c2673013 |
||
| 100 | _a20111006d2011 u y0rusy50 ca | ||
| 101 | 0 |
_arus _aeng |
|
| 102 | _aRU | ||
| 105 | _aa ||||||||| | ||
| 200 | 1 |
_aГибель дворцов _dPalaces destroyed _eнацистская оккупация Ленинградской области в 1941-1944 годах _e[фотоальбом] _fБаир Иринчеев, Денис Жуков _zeng |
|
| 210 |
_aСанкт-Петербург _cАврора-дизайн _d2011 |
||
| 215 |
_a63 с. _cил. _d26 |
||
| 225 | 1 |
_a1941: забытые кадры _d1941: Forgotten images _zeng |
|
| 300 | _aАвт. также на англ. яз.: Bair Irincheev, Denis Zhukov | ||
| 300 | _aТекст парал. на рус. и англ. яз. | ||
| 510 | 1 |
_6z17790 _aPalaces destroyed _zeng |
|
| 606 | 1 |
_aПамятники искусства и старины _jФотоальбомы _xРазрушение и похищение немецкими захватчиками в СССР _yЛенинградская область _z1941 - 1944 _92326212 _3RU\NLR\auth\661391377 |
|
| 686 | 1 | _aЩ101.3(2)-1я6 | |
| 700 | 1 |
_4070 _8rus _7ca _aИринчеев _bБ. К. _f1977- _gБаир Климентьевич _3RU\NLR\AUTH\77104799 _987724 |
|
| 701 | 1 |
_aЖуков _bД. _gДенис _4070 |
|
| 790 | 1 |
_4070 _8rus _7ba _aIrinčeev _bB. K. _f1977- _gBair Kliment'evič _3RU\NLR\AUTH\77104804 _987729 |
|
| 790 | 1 |
_6z17 _aZukov _bD. _gDenis _4070 |
|
| 801 | 0 |
_aRU _bГПИБ России _c20111006 _grcr |
|
| 801 | 1 |
_aRU _bГПИБ России _c20111006 _grcr _2rusmarc |
|
| 801 | 2 |
_aRU _bNLR _c20120320 _grcr |
|
| 942 | _cBOOK | ||
| 980 | _aNBR | ||